[Event "52nd Sparkassen Open A"]
[Site "Dortmund GER"]
[Date "2025.08.10"]
[Round "9.2"]
[White "Engel, Luis"]
[Black "Dau Khuong Duy"]
[Result "1/2-1/2"]
[WhiteTitle "GM"]
[BlackTitle "IM"]
[WhiteElo "2548"]
[BlackElo "2462"]
[WhiteFideId "12961523"]
[BlackFideId "12424722"]
[EventDate "2025.08.02"]

1. e4 c5 2. Nf3 Nc6 3. Bb5 e6 4. O-O Nge7 5. d4 cxd4 6. Nxd4 Qb6 7. Nxc6 bxc6 8.
Bd3 Ng6 9. c4 Be7 10. Nc3 O-O 11. Rb1 c5 12. Be3 Qc7 13. Qd2 Bb7 14. Rbd1 Bc6
15. Bc2 Rad8 16. f4 d6 17. b3 Bf6 18. Ne2 d5 19. Bxc5 dxc4 20. Qe3 cxb3 21. Bxb3
Rxd1 22. Rxd1 Ra8 23. e5 Be7 24. f5 exf5 25. e6 fxe6 26. Qxe6+ Kh8 27. Bd4 Rf8
28. Rc1 Bd6 29. Rc3 Re8 30. Qxg6 Rxe2 31. Qxg7+ Qxg7 1/2-1/2

[Event "52nd Sparkassen Open A"]
[Site "Dortmund GER"]
[Date "2025.08.10"]
[Round "9.3"]
[White "Kollars, Dmitrij"]
[Black "Cornette, Matthieu"]
[Result "1-0"]
[WhiteTitle "GM"]
[BlackTitle "GM"]
[WhiteElo "2644"]
[BlackElo "2524"]
[WhiteFideId "12909572"]
[BlackFideId "620084"]
[EventDate "2025.08.02"]

1. e4 c5 2. Nf3 Nc6 3. Bb5 d6 4. O-O Bd7 5. Re1 a6 6. Bxc6 Bxc6 7. d4 cxd4 8.
Nxd4 Rc8 9. c4 g6 10. Nc3 Bg7 11. b3 Nf6 12. Bg5 h6 13. Bf4 O-O 14. Qd2 g5 15.
Bg3 e6 16. h3 Nh5 17. Bh2 Bxd4 18. Qxd4 e5 19. Qd2 Qe7 20. Rad1 Rfd8 21. a4 Ng7
22. Kh1 Ne6 23. f3 Nd4 24. b4 Qe6 25. Qa2 Be8 26. Nd5 b5 27. cxb5 axb5 28. axb5
Rc2 29. Qb1 Rdc8 30. Ne3 R2c3 31. b6 Rb3 32. Qa1 Nxf3 33. b7 1-0

[Event "52nd Sparkassen Open A"]
[Site "Dortmund GER"]
[Date "2025.08.10"]
[Round "9.4"]
[White "Jumabayev, Rinat"]
[Black "Klimkowski, Jan"]
[Result "1/2-1/2"]
[WhiteTitle "GM"]
[BlackTitle "GM"]
[WhiteElo "2556"]
[BlackElo "2517"]
[WhiteFideId "13702661"]
[BlackFideId "21856222"]
[EventDate "2025.08.02"]

1. Nf3 d5 2. g3 b6 3. Bg2 Bb7 4. O-O e6 5. d3 Nf6 6. c4 dxc4 7. Qa4+ Nbd7 8.
Qxc4 c5 9. a4 a6 10. Bf4 Be7 11. Nc3 O-O 12. Rfd1 Nd5 13. Ne1 N7f6 14. Qb3 Ra7
15. Bd2 Nb4 16. Bxb7 Rxb7 17. Nf3 Nc6 18. Qc4 Qa8 19. Ne4 Rd8 20. Nxf6+ Bxf6 21.
Bc3 Bd4 22. e3 Bxc3 23. bxc3 Rbd7 24. Rab1 Na5 25. Qf4 Rd6 26. Ng5 Qb7 27. d4
Rd5 28. Qg4 h6 29. Nf3 Nc4 30. Nd2 Nxd2 31. Rxd2 cxd4 32. cxd4 e5 33. Rdb2 b5
34. axb5 axb5 35. dxe5 Rxe5 36. Qe2 Rb8 37. Rb4 Qc6 38. h4 Rc5 39. Qf1 h5 40.
Qd1 Rd5 1/2-1/2

[Event "52nd Sparkassen Open A"]
[Site "Dortmund GER"]
[Date "2025.08.10"]
[Round "9.5"]
[White "Xiao, Tong(QD)"]
[Black "Peyrer, Konstantin"]
[Result "1/2-1/2"]
[WhiteTitle "GM"]
[BlackTitle "IM"]
[WhiteElo "2539"]
[BlackElo "2490"]
[WhiteFideId "8622388"]
[BlackFideId "1640879"]
[EventDate "2025.08.02"]

1. e4 e5 2. Nf3 Nc6 3. Bb5 a6 4. Ba4 Nf6 5. O-O d6 6. Re1 Bd7 7. c3 g6 8. d4 b5
9. Bc2 Bg7 10. h3 O-O 11. Nbd2 h6 12. Nf1 Nh5 13. Be3 Qe8 14. Ng3 Nxg3 15. fxg3
a5 16. Qd2 Kh7 17. g4 a4 18. g5 hxg5 19. Nxg5+ Kg8 20. Rab1 Nd8 21. d5 f6 22.
Nf3 f5 23. Bh6 f4 24. Bxg7 Kxg7 25. Bd1 Nf7 26. Rc1 c5 27. dxc6 Bxc6 28. c4 Qb8
29. c5 Rd8 30. Qb4 Qa7 31. Kh1 Qa5 32. Qxa5 Rxa5 33. cxd6 Rxd6 34. Rc5 Bxe4 35.
Nxe5 Nxe5 36. Rxe5 Bd5 37. a3 Ra7 38. Be2 Kf6 39. Bxb5 Rb7 40. Bxa4 Rxb2 41.
R5e2 1/2-1/2

[Event "52nd Sparkassen Open A"]
[Site "Dortmund GER"]
[Date "2025.08.10"]
[Round "9.6"]
[White "Liu, Yan"]
[Black "Nitish, Belurkar"]
[Result "1-0"]
[WhiteTitle "GM"]
[BlackTitle "IM"]
[WhiteElo "2531"]
[BlackElo "2486"]
[WhiteFideId "8608962"]
[BlackFideId "5084768"]
[EventDate "2025.08.02"]

1. c4 Nf6 2. Nc3 e6 3. e4 d5 4. cxd5 exd5 5. e5 Ne4 6. Nf3 Be7 7. d4 c5 8. Bd3
Nxc3 9. bxc3 Qa5 10. Bd2 c4 11. Bc2 Nc6 12. a4 Be6 13. Rb1 O-O-O 14. Rb5 Qc7 15.
Ng5 a6 16. Rb1 Rdf8 17. f4 Qd7 18. Nxe6 fxe6 19. O-O g6 20. g4 Kb8 21. f5 gxf5
22. gxf5 exf5 23. Qh5 Na5 24. Bh6 Rfg8+ 25. Kh1 Nb3 26. Qf7 Qd8 27. Bxb3 cxb3
28. Bg7 Rxg7 29. Qxg7 Rg8 30. Qf7 Rf8 31. Qe6 Qc7 32. Rxb3 Qc4 33. Rfb1 Qd3 34.
Rxb7+ Ka8 35. Ra7+ Kxa7 36. Qb6+ Ka8 37. Qb7# 1-0

[Event "52nd Sparkassen Open A"]
[Site "Dortmund GER"]
[Date "2025.08.10"]
[Round "9.7"]
[White "Malek, Jan"]
[Black "Deuer, Marius"]
[Result "1-0"]
[WhiteTitle "GM"]
[BlackTitle "IM"]
[WhiteElo "2526"]
[BlackElo "2487"]
[WhiteFideId "21864080"]
[BlackFideId "16236432"]
[EventDate "2025.08.02"]

1. e4 c6 2. d4 d5 3. f3 dxe4 4. fxe4 e5 5. Nf3 Bg4 6. c3 Nd7 7. Be2 Bd6 8. Nbd2
Bc7 9. Nc4 Ne7 10. O-O O-O 11. Kh1 Ng6 12. Bg5 f6 13. Be3 b5 14. Ncd2 Kh8 15.
Nxe5 Ndxe5 16. Bxg4 Nxg4 17. Qxg4 Qd6 18. Qh5 Kg8 19. Rf3 Rfe8 20. Raf1 Qe6 21.
a3 Rad8 22. Rh3 Nf8 23. Rh4 Qa2 24. Rb1 Qe6 25. Bg1 a5 26. Rh3 a4 27. Qf3 Ng6
28. Be3 Bb8 29. Rh5 Qa2 30. Qf1 Qe6 31. Rc1 Ba7 32. Rc2 Bb6 33. Bg1 Re7 34. Rh3
Qg4 35. Rd3 Red7 36. Rc1 Bc7 37. c4 bxc4 38. Rxc4 Ba5 39. Rxc6 Bxd2 40. Rxd2
Qxe4 41. Qc4+ Kh8 42. Qxa4 Nf4 43. Rc4 Qd5 44. Rc5 Qe6 45. d5 Nxd5 46. Qc4 h6
47. b4 f5 48. b5 f4 49. Rd3 Qe2 50. Qc2 Qe7 51. Rc8 Ne3 52. Rxd7 Qxd7 53. Rxd8+
Qxd8 54. Qc6 Qd1 55. b6 Nf1 56. Qc8+ Kh7 57. Qf5+ 1-0

[Event "52nd Sparkassen Open A"]
[Site "Dortmund GER"]
[Date "2025.08.10"]
[Round "9.8"]
[White "Gavrilescu, David"]
[Black "Parvanyan, Ashot"]
[Result "1-0"]
[WhiteTitle "GM"]
[BlackTitle "IM"]
[WhiteElo "2531"]
[BlackElo "2403"]
[WhiteFideId "1227190"]
[BlackFideId "13307550"]
[EventDate "2025.08.02"]

1. e4 e6 2. d4 d5 3. e5 c5 4. c3 Nc6 5. Nf3 Bd7 6. Be2 Nge7 7. Na3 cxd4 8. cxd4
Nf5 9. Nc2 Qb6 10. O-O Rc8 11. Kh1 Nb4 12. Nxb4 Bxb4 13. g4 Nh6 14. Rg1 Ng8 15.
Be3 Bf8 16. Ng5 h5 17. gxh5 Nh6 18. Bd3 Bb5 19. Bc2 Qa6 20. Rc1 Rc6 21. Re1 Bb4
22. a4 Bc4 23. b3 Bxe1 24. bxc4 Bb4 25. c5 Qa5 26. Rb1 Ke7 27. Qf3 b6 28. Rg1
Rc7 29. Nxe6 Kxe6 30. Rxg7 Kd7 1-0

[Event "52nd Sparkassen Open A"]
[Site "Dortmund GER"]
[Date "2025.08.10"]
[Round "9.9"]
[White "Jin, Yueheng"]
[Black "Wagner, Dennis"]
[Result "1/2-1/2"]
[WhiteTitle "IM"]
[BlackTitle "GM"]
[WhiteElo "2374"]
[BlackElo "2617"]
[WhiteFideId "8616868"]
[BlackFideId "24650684"]
[EventDate "2025.08.02"]

1. Nf3 Nf6 2. c4 b6 3. g3 Bb7 4. Bg2 c5 5. Nc3 g6 6. b3 Bg7 7. Bb2 O-O 8. O-O d6
9. d4 cxd4 10. Nxd4 Bxg2 11. Kxg2 Qd7 12. Qd3 Nc6 13. Nxc6 Qxc6+ 14. Qf3 Qxf3+
15. exf3 Rfd8 16. Rfe1 Rd7 17. Re2 Rad8 18. Rae1 e6 19. Ne4 Ne8 20. Bxg7 Kxg7
21. Rd2 d5 22. Red1 Nf6 23. Nxf6 Kxf6 24. Kf1 Ke7 25. Rc2 Rc8 26. Rcd2 Rcd8 27.
Rc2 Rc8 28. Rcd2 1/2-1/2

[Event "52nd Sparkassen Open A"]
[Site "Dortmund GER"]
[Date "2025.08.10"]
[Round "9.10"]
[White "Sargsyan, Anna M."]
[Black "Materia, Marco"]
[Result "0-1"]
[WhiteTitle "IM"]
[BlackTitle "IM"]
[WhiteElo "2362"]
[BlackElo "2500"]
[WhiteFideId "13308130"]
[BlackFideId "45150451"]
[EventDate "2025.08.02"]

1. e4 c5 2. Nf3 e6 3. d4 cxd4 4. Nxd4 Nc6 5. Nc3 Qc7 6. Be3 a6 7. Qd2 Nf6 8.
O-O-O Be7 9. f3 b5 10. g4 Nxd4 11. Bxd4 Bb7 12. g5 Nh5 13. Be5 Qxe5 14. Qxd7+
Kf8 15. Qxb7 Bxg5+ 16. Kb1 Qb8 17. Rd7 Qxb7 18. Rxb7 Bf6 19. a4 Bxc3 20. bxc3
bxa4 21. Bxa6 g5 22. Bb5 Kg7 23. c4 Rhb8 24. Rxb8 Rxb8 25. Kb2 Nf4 26. Ra1 Ng6
27. Rxa4 Ne5 28. Kc3 Nxf3 29. Ra7 g4 30. Bd7 Kf6 31. c5 Nxh2 32. c6 g3 33. c7
Rg8 34. c8=Q Rxc8+ 35. Bxc8 g2 36. Ra1 Nf3 37. Kd3 g1=Q 38. Rxg1 Nxg1 39. Ke3
Ke5 40. c4 Kd6 41. Ba6 Nh3 42. Kf3 f6 43. Bc8 Ke5 44. Ke3 Ng5 45. Bb7 Kd6 46.
Kf4 Kc7 47. Ba6 Nf7 48. c5 Ne5 49. Be2 Kc6 0-1

[Event "52nd Sparkassen Open A"]
[Site "Dortmund GER"]
[Date "2025.08.10"]
[Round "9.11"]
[White "Svanda, Ondrej"]
[Black "Chen, Qi b"]
[Result "1/2-1/2"]
[WhiteTitle "IM"]
[BlackTitle "IM"]
[WhiteElo "2358"]
[BlackElo "2468"]
[WhiteFideId "359670"]
[BlackFideId "8614733"]
[EventDate "2025.08.02"]

1. e4 e5 2. Nf3 Nc6 3. Bb5 a6 4. Ba4 Nf6 5. O-O d6 6. Re1 Bd7 7. c3 g6 8. d4 Bg7
9. h3 O-O 10. Bc2 Re8 11. Nbd2 a5 12. Nf1 a4 13. Ng3 b5 14. Bg5 h6 15. Be3 Qe7
16. Qd2 Kh7 17. Rad1 Na5 18. b3 axb3 19. axb3 c5 20. d5 Ra6 21. Ra1 Rea8 22. Qe2
Qe8 23. Nd2 Nb7 24. Qf1 Ng8 25. Bd3 Ne7 26. Rxa6 Rxa6 27. Ra1 Qa8 28. Rb1 Qe8
29. Ra1 Qa8 30. Rb1 Qe8 31. Ra1 1/2-1/2

[Event "52nd Sparkassen Open A"]
[Site "Dortmund GER"]
[Date "2025.08.10"]
[Round "9.12"]
[White "Rebentisch, Tom"]
[Black "Gloeckler, Christian"]
[Result "0-1"]
[BlackTitle "FM"]
[WhiteElo "2270"]
[BlackElo "2446"]
[WhiteFideId "16202627"]
[BlackFideId "34608966"]
[EventDate "2025.08.02"]

1. e4 c5 2. Nf3 d6 3. d4 cxd4 4. Nxd4 Nf6 5. Nc3 a6 6. Be3 e5 7. Nb3 Be7 8. h3
h6 9. Qd2 Be6 10. O-O-O Nbd7 11. Kb1 b5 12. f4 Rc8 13. g4 Qc7 14. Nd5 Bxd5 15.
exd5 Ne4 16. Qg2 Ng3 17. Rh2 Nxf1 18. Qxf1 O-O 19. Rg2 exf4 20. Bxf4 Nb6 21. Qd3
Qc4 22. Qxc4 Rxc4 23. Be3 Na4 24. Bd4 Bd8 25. Re2 Rc8 26. c3 Nb6 27. Bg1 Nc4 28.
Nd4 Bf6 29. Nf5 Rce8 30. Rde1 Rxe2 31. Rxe2 g6 32. Nd4 Kg7 33. Kc2 Rh8 34. b3
Ne5 35. Be3 Rc8 36. Rf2 Bg5 37. Bxg5 hxg5 38. Nf3 Nxf3 39. Rxf3 Rc5 40. Rd3 f5
41. b4 Rc4 42. Re3 fxg4 43. hxg4 Rxg4 44. Re6 Rf4 45. Rxd6 g4 46. Re6 g3 47. Re1
g2 48. Rg1 Rg4 49. a4 Kf6 50. axb5 axb5 51. Kd3 Ke5 52. Ke3 Kxd5 53. Kf3 Rg5 54.
Kf4 Rf5+ 55. Ke3 Re5+ 56. Kf3 Kc4 57. Rxg2 g5 58. Rg4+ Kxc3 59. Kf2 Kd3 60. Rg3+
Kd2 61. Rg4 Rf5+ 62. Kg2 Kc3 63. Kg3 Kb3 64. Kg2 Rf4 65. Rxg5 Kxb4 0-1

[Event "52nd Sparkassen Open A"]
[Site "Dortmund GER"]
[Date "2025.08.10"]
[Round "9.13"]
[White "Wang, Tongsen"]
[Black "Abrahamyan, Tatev"]
[Result "1/2-1/2"]
[BlackTitle "WGM"]
[WhiteElo "2400"]
[BlackElo "2342"]
[WhiteFideId "8608067"]
[BlackFideId "13301918"]
[EventDate "2025.08.02"]

1. e4 e6 2. d4 d5 3. Nd2 c5 4. exd5 Qxd5 5. dxc5 Nf6 6. Ngf3 Qxc5 7. g3 b6 8.
Nb3 Qh5 9. Bg2 Bb7 10. O-O Be7 11. a4 O-O 12. Ne5 Qxd1 13. Rxd1 Bxg2 14. Kxg2
Rc8 15. a5 b5 16. Be3 Nd5 17. c3 f6 18. Nd3 Nxe3+ 19. fxe3 a6 20. g4 Ra7 21. Kf3
Kf7 22. Nd4 Rc4 23. e4 Nd7 24. Rd2 Rac7 25. Rad1 b4 26. Nxe6 Kxe6 27. Nf4+ Kf7
28. Rxd7 bxc3 29. Rxc7 Rxc7 30. Nd5 c2 31. Rc1 Rc5 32. b4 Rc4 33. h4 Bxb4 34.
Nxb4 Rxb4 35. Rxc2 Rb5 36. h5 Rxa5 37. Rc7+ Kf8 38. Rc8+ Kf7 39. Rc7+ Kf8 40.
Rc8+ 1/2-1/2

[Event "52nd Sparkassen Open A"]
[Site "Dortmund GER"]
[Date "2025.08.10"]
[Round "9.14"]
[White "Vaidyanathan, Kannan"]
[Black "Ahmadinia, Ebrahim"]
[Result "0-1"]
[WhiteTitle "CM"]
[BlackTitle "IM"]
[WhiteElo "2083"]
[BlackElo "2388"]
[WhiteFideId "30987245"]
[BlackFideId "12501891"]
[EventDate "2025.08.02"]

1. d4 d5 2. c4 c6 3. Nf3 Nf6 4. Qc2 dxc4 5. Qxc4 Bf5 6. Nc3 e6 7. g3 Nbd7 8. Bg2
Rc8 9. Nh4 b5 10. Qb3 Bg4 11. h3 Bh5 12. g4 Bg6 13. Nxg6 hxg6 14. Bf4 Nb6 15. e3
Bd6 16. Bxd6 Qxd6 17. g5 Nfd7 18. Ne4 Qe7 19. O-O O-O 20. f4 c5 21. Qxb5 cxd4
22. exd4 Rc4 23. Rad1 Rfc8 24. Nc3 Qd6 25. Ne4 Qf8 26. Nc3 Rb4 27. Qe2 Nc4 28.
b3 Na3 29. Qd2 Nb6 30. Kh1 Rd8 31. d5 Nb5 32. Nxb5 Rxb5 33. d6 Nd5 34. a4 Rb6
35. Bxd5 Rbxd6 36. Qb4 exd5 37. Rd4 Qe8 38. Qd2 Re6 39. Qg2 Re2 40. Rf2 Rxf2 41.
Qxf2 Rd7 42. Kg2 Re7 43. Kf3 Qc8 44. Kg2 Qf5 45. Qd2 Rc7 46. Qd3 Rc2+ 47. Kg3
Qc8 48. Rxd5 Kh7 49. Qf3 Qe6 50. Re5 Qb6 51. Re3 Qd8 52. Rd3 Qe7 53. Qe3 Qb7 54.
Qf3 Qb4 55. Qe3 Qa3 56. Qf3 Ra2 57. Kh4 Qc1 58. Rd1 Qc5 59. Kg3 Rc2 60. Kh4 Rf2
61. Rc1 Qb6 62. a5 Qd4 63. Rd1 Qb2 64. Rb1 Rxf3 65. Rxb2 Rxf4+ 66. Kg3 Rf5 67.
Kg4 Rxa5 68. Rc2 f5+ 69. gxf6 gxf6 70. Rc7+ Kh6 71. Rb7 Ra1 72. Rc7 Rg1+ 73. Kf3
Ra1 74. Kg4 a5 75. Ra7 Ra3 76. Rb7 a4 77. bxa4 f5+ 78. Kf4 Rxh3 79. a5 Ra3 80.
Ra7 Ra4+ 81. Kg3 Kg5 82. a6 f4+ 83. Kf3 Ra3+ 84. Ke4 Kg4 85. Ra8 f3 86. a7 f2
87. Rf8 Kg3 88. Rf6 g5 89. Rf5 g4 90. Rf8 Rxa7 91. Ke3 Re7+ 92. Kd2 Kg2 93. Kd3
f1=Q+ 94. Rxf1 Kxf1 95. Kd4 g3 96. Kd5 g2 97. Kd6 Re2 98. Kd5 g1=Q 99. Kc4 Qg4+
100. Kd3 Qe4+ 101. Kc3 Rc2+ 102. Kb3 Qc4+ 103. Ka3 Ra2# 0-1

[Event "52nd Sparkassen Open A"]
[Site "Dortmund GER"]
[Date "2025.08.10"]
[Round "9.15"]
[White "Farokhi, Keyvan"]
[Black "Sydykov, Bayastan"]
[Result "1/2-1/2"]
[WhiteTitle "FM"]
[BlackTitle "FM"]
[WhiteElo "2387"]
[BlackElo "2322"]
[WhiteFideId "12998630"]
[BlackFideId "13829610"]
[EventDate "2025.08.02"]

1. Nf3 d5 2. g3 Bg4 3. Bg2 Nd7 4. c4 e6 5. cxd5 exd5 6. h3 Bxf3 7. Bxf3 Ngf6 8.
O-O Bd6 9. d3 O-O 10. Nc3 c6 11. e4 dxe4 12. dxe4 Ne5 13. Bg2 Bc5 14. Qb3 Nd3
15. Qc2 Nxc1 16. Raxc1 Qe7 17. Rfe1 Bd4 18. Kh2 Qc5 19. f4 Qh5 20. Qd1 Qxd1 21.
Rexd1 Rfd8 22. Bf3 Ne8 23. e5 g5 24. fxg5 Bxe5 25. Ne4 Nd6 26. Nc5 Bxb2 27. Rb1
Be5 28. Nxb7 Nxb7 29. Rxb7 Rxd1 30. Bxd1 Rb8 31. Rd7 Rb2+ 32. Kg1 Rxa2 33. Bb3
Ra3 34. Bxf7+ 1/2-1/2

[Event "52nd Sparkassen Open A"]
[Site "Dortmund GER"]
[Date "2025.08.10"]
[Round "9.16"]
[White "Zwirs, Nico"]
[Black "Borne, Felix"]
[Result "1/2-1/2"]
[WhiteTitle "IM"]
[BlackTitle "FM"]
[WhiteElo "2436"]
[BlackElo "2328"]
[WhiteFideId "1036432"]
[BlackFideId "551039915"]
[EventDate "2025.08.02"]

1. e4 c5 2. Nf3 Nc6 3. d4 cxd4 4. Nxd4 Nf6 5. Nc3 d6 6. Bg5 e6 7. Qd2 Be7 8.
O-O-O a6 9. Bxf6 gxf6 10. f4 Nxd4 11. Qxd4 Qa5 12. Kb1 Bd7 13. Qd2 Qc5 14. f5 h5
15. Be2 O-O-O 16. Bf3 Kb8 17. Rhe1 Qe5 18. h3 Bf8 19. Ne2 h4 20. Bg4 Rc8 21. Nd4
Bh6 22. Qb4 Bf4 23. Rf1 Bg3 24. Rf3 Rhe8 25. Rfd3 Qc5 26. Qd2 Be5 27. Nf3 Ba4
28. b3 Bc6 29. Nxe5 Qxe5 30. fxe6 fxe6 31. Bf3 Bxe4 32. Bxe4 Qxe4 33. Rd4 Qg6
34. Rg4 Qf5 35. Rf4 Qg6 36. Rg4 Qf5 37. Rxh4 Rc6 38. Rf4 Qg6 39. g4 Rec8 40. Qd3
Qh6 41. Rf2 d5 42. Qf3 Qh7 43. Rdd2 e5 44. Qxd5 Qxh3 45. Rxf6 Rxf6 46. Qxe5+ Ka8
47. Qxf6 Qxg4 48. Rd8 Rxd8 49. Qxd8+ Ka7 50. Qf6 Qd1+ 51. Kb2 Qd5 52. a4 Kb8 53.
Kc3 Qa5+ 54. Kd3 Qd5+ 55. Qd4 Qf3+ 56. Kd2 Qf1 57. Kc3 Qa1+ 58. Kc4 Qf1+ 59. Kb4
Qc1 60. Qd6+ Ka7 61. c3 Qh1 62. Qc5+ Kb8 63. Qd6+ Ka7 64. Qc5+ Kb8 65. Qe5+ Ka7
66. a5 Qf1 67. c4 Qg2 68. Qd4+ Kb8 69. Qd8+ Ka7 70. Qd4+ Kb8 71. c5 Qf1 72. Qe5+
Kc8 73. Qe8+ Kc7 74. Qe5+ Kc8 75. Ka3 Qc1+ 76. Ka4 Qf1 77. Qe6+ Kc7 78. Qd6+ Kc8
79. Qe6+ Kc7 80. Qb6+ Kc8 81. c6 Qa1+ 82. Kb4 Qe1+ 83. Kc4 Qc1+ 84. Kb4 Qe1+ 85.
Kc4 Qc1+ 86. Kd3 Qd1+ 87. Kc3 Qc1+ 88. Kd3 Qd1+ 89. Kc3 Qc1+ 90. Kb4 Qe1+ 91.
Kc4 Qe4+ 92. Kc3 Qe1+ 93. Kc2 Qe2+ 94. Kb1 Qe1+ 95. Ka2 Qd2+ 96. Ka3 Qc1+ 97.
Kb4 Qe1+ 98. Ka3 Qa1+ 99. Kb4 Qe1+ 1/2-1/2

[Event "52nd Sparkassen Open A"]
[Site "Dortmund GER"]
[Date "2025.08.10"]
[Round "9.17"]
[White "Malinowsky, Levi"]
[Black "Gschnitzer, Adrian"]
[Result "1-0"]
[WhiteTitle "CM"]
[BlackTitle "IM"]
[WhiteElo "2332"]
[BlackElo "2445"]
[WhiteFideId "16253094"]
[BlackFideId "1270337"]
[EventDate "2025.08.02"]

1. e4 c5 2. Nf3 Nc6 3. Bb5 g6 4. Bxc6 bxc6 5. O-O Bg7 6. Re1 Qc7 7. c3 d6 8. d4
cxd4 9. cxd4 Nf6 10. Nc3 O-O 11. Be3 Rb8 12. b3 Qa5 13. Rc1 Rd8 14. h3 h6 15.
Bd2 Qa6 16. Bf4 Be6 17. Qd2 Kh7 18. d5 Bd7 19. e5 Nxd5 20. Nxd5 cxd5 21. exd6 e6
22. Ne5 g5 23. Bg3 Kg8 24. Rc7 Rb7 25. Rec1 f6 26. Rxb7 fxe5 27. Rcc7 Qxd6 28.
Qa5 a6 29. Qb6 Qxb6 30. Rxb6 Kf8 31. Rxa6 d4 32. Raa7 Ke8 33. Kf1 Bf6 34. Ke1 e4
35. a4 d3 36. Kd2 h5 37. a5 Bd4 38. Rab7 h4 39. Bd6 Bxf2 40. a6 e5 41. Bc5 Bxc5
42. Rxc5 e3+ 43. Kxd3 Bxh3+ 44. Kxe3 Bxg2 45. Rh7 Ra8 46. Rcc7 Kd8 47. Rcg7 Bc6
48. Rg8+ Be8 49. Rxe8+ 1-0